[Event "Moscow Aeroflot op-A"]
[Site "Moscow"]
[Date "2020.02.24"]
[Round "6"]
[White "Kozak, Adam"]
[Black "Buksa, Nataliya"]
[Result "1/2-1/2"]
[WhiteElo "2523"]
[BlackElo "2403"]
[PlyCount "106"]
[EventDate "2020.02.19"]
[EventType "swiss"]
[EventRounds "9"]
[EventCountry "RUS"]
[SourceTitle "CBM 195"]
[Source "ChessBase"]
[SourceDate "2020.04.30"]
[SourceVersion "1"]
[SourceVersionDate "2020.04.30"]
[SourceQuality "1"]

1. d4 d5 2. c4 e6 3. Nc3 Nf6 4. cxd5 exd5 5. Bg5 c6 6. e3 Nbd7 7. Bd3 Be7 8.
Qc2 Nh5 9. Bxe7 Qxe7 10. O-O-O Nb6 11. h3 g6 12. Nf3 Be6 13. Kb1 Ng7 14. g4
O-O-O 15. Na4 Nxa4 16. Qxa4 Kb8 17. Rc1 h5 18. Ne5 hxg4 19. Rc3 Bf5 20. Rhc1
Rc8 21. hxg4 Bxd3+ 22. Rxd3 Ne6 23. Rb3 Nd8 24. g5 Rh7 25. f4 f6 26. gxf6 Qxf6
27. Ra3 a6 28. Qc2 Rg7 29. Rg1 Ne6 30. Rxg6 Rxg6 31. Qxg6 Qxg6+ 32. Nxg6 Rg8
33. Nh4 Rh8 34. Nf3 Rh3 35. Nd2 Ng7 36. e4 Rxa3 37. bxa3 dxe4 38. Nxe4 Ne6 39.
Kc2 Nxf4 40. a4 a5 41. Nd2 Ka7 42. Nb3 b6 43. a3 Kb7 44. Kc3 Kc7 45. Nd2 Ne6
46. Kc4 Nf4 47. Kc3 Nd5+ 48. Kd3 Kd6 49. Nc4+ Ke6 50. Ne5 Ne7 51. Nc4 Nc8 52.
Ne3 Nd6 53. d5+ cxd5 1/2-1/2

[Event "Moscow Aeroflot op-A"]
[Site "Moscow"]
[Date "2020.02.24"]
[Round "6"]
[White "Kozionov, Kirill"]
[Black "Shubin, Kirill"]
[Result "1-0"]
[WhiteElo "2466"]
[BlackElo "2427"]
[PlyCount "111"]
[EventDate "2020.02.19"]
[EventType "swiss"]
[EventRounds "9"]
[EventCountry "RUS"]
[SourceTitle "CBM 195"]
[Source "ChessBase"]
[SourceDate "2020.04.30"]
[SourceVersion "1"]
[SourceVersionDate "2020.04.30"]
[SourceQuality "1"]

1. d4 e6 2. c4 Nf6 3. g3 Bb4+ 4. Bd2 a5 5. Bg2 d6 6. e4 Nbd7 7. Ne2 e5 8. O-O
exd4 9. Nxd4 O-O 10. Nc3 Ne5 11. a3 Bc5 12. Nf5 Re8 13. Qc2 Bd7 14. Rad1 Bb6
15. Bg5 Bc6 16. Ne3 Bxe3 17. Bxe3 Ned7 18. Rfe1 Qe7 19. Bd4 h5 20. Qc1 Rac8 21.
Qg5 Nc5 22. Bxc5 dxc5 23. e5 Nd5 24. Qxe7 Nxe7 25. f4 Bxg2 26. Kxg2 Nf5 27. Kf2
Nd4 28. Rd3 f6 29. exf6 Rxe1 30. f7+ Kxf7 31. Kxe1 Re8+ 32. Kf2 Kf6 33. Rd2 c6
34. Na4 Ne6 35. Nc3 Nd4 36. Na4 Ne6 37. Nb6 g5 38. Nd7+ Ke7 39. f5 Nd4 40. Nxc5
Rf8 41. Nxb7 Rxf5+ 42. Ke3 Nf3 43. Ke4 Rf6 44. Rf2 g4 45. Nxa5 Re6+ 46. Kd3 Kd7
47. Nb7 Re1 48. Nc5+ Kc7 49. Re2 Rh1 50. Ne6+ Kd7 51. Nf4 h4 52. gxh4 Nxh2 53.
h5 Nf3 54. Ke3 Rf1 55. Rg2 Ne5 56. Ke4 1-0

[Event "Moscow Aeroflot op-A"]
[Site "Moscow"]
[Date "2020.02.24"]
[Round "6"]
[White "Krishna, CRG."]
[Black "Sargsyan, Shant"]
[Result "1/2-1/2"]
[WhiteElo "2443"]
[BlackElo "2594"]
[PlyCount "105"]
[EventDate "2020.02.19"]
[EventType "swiss"]
[EventRounds "9"]
[EventCountry "RUS"]
[SourceTitle "CBM 195"]
[Source "ChessBase"]
[SourceDate "2020.04.30"]
[SourceVersion "1"]
[SourceVersionDate "2020.04.30"]
[SourceQuality "1"]

1. d4 Nf6 2. Nf3 g6 3. Nbd2 Bg7 4. e4 O-O 5. e5 Nh5 6. Bc4 d6 7. exd6 exd6 8.
O-O d5 9. Bb3 Be6 10. Re1 Nd7 11. Nf1 Ndf6 12. Ng5 Bc8 13. h3 h6 14. Nf3 Ne4
15. Ne3 Be6 16. Ng4 Kh7 17. Nge5 b6 18. Be3 f5 19. Qe2 Nhf6 20. Rad1 g5 21. c3
Qe8 22. Bc2 Kg8 23. Bc1 f4 24. Nh2 Bf5 25. Nf1 Qe6 26. f3 Nd6 27. Ba4 Nc4 28.
b3 Nxe5 29. Qxe5 Qc8 30. Bc6 Rb8 31. Bxd5+ Kh8 32. Be6 Bxe6 33. Qxe6 Qxe6 34.
Rxe6 Nd5 35. Bb2 b5 36. Nd2 b4 37. cxb4 Nxb4 38. Nc4 Nxa2 39. Ra1 Nb4 40. Ne5
Kh7 41. Rxa7 Nd5 42. Ra5 Ne3 43. Ba3 Rf5 44. Re7 Rxb3 45. Rxc7 Rf6 46. Raa7 Nf5
47. Kf2 Rb1 48. Ke2 Nxd4+ 49. Kd2 Ne6 50. Rc6 Rb5 51. Be7 Rf5 52. Rxe6 Rfxe5
53. Rxe5 1/2-1/2

[Event "Moscow Aeroflot op-A"]
[Site "Moscow"]
[Date "2020.02.24"]
[Round "6"]
[White "Kunin, Vitaly L"]
[Black "Gadimbayli, Abdulla Azar"]
[Result "1/2-1/2"]
[WhiteElo "2550"]
[BlackElo "2460"]
[PlyCount "142"]
[EventDate "2020.02.19"]
[EventType "swiss"]
[EventRounds "9"]
[EventCountry "RUS"]
[SourceTitle "CBM 195"]
[Source "ChessBase"]
[SourceDate "2020.04.30"]
[SourceVersion "1"]
[SourceVersionDate "2020.04.30"]
[SourceQuality "1"]

1. d4 d5 2. Nf3 Nf6 3. c4 c6 4. Qb3 dxc4 5. Qxc4 Bg4 6. Nbd2 Nbd7 7. g3 e6 8.
Bg2 Be7 9. O-O O-O 10. Qb3 Nb6 11. Rd1 a5 12. Nc4 Nxc4 13. Qxc4 Qd5 14. Qc3 Bb4
15. Qe3 Qb5 16. a3 Be7 17. h3 Bf5 18. Ne5 Bc2 19. Re1 c5 20. Qc3 Bb3 21. dxc5
Bxc5 22. Be3 Bxe3 23. Qxe3 Bd5 24. Bxd5 Nxd5 25. Qd4 Qb6 26. Rad1 Rfd8 27. e4
Qxd4 28. Rxd4 Nf6 29. Red1 Rxd4 30. Rxd4 Kf8 31. Kg2 Rc8 32. Kf3 Rc5 33. Nd3
Rc8 34. Rd6 Rc4 35. Rb6 Nxe4 36. Rxb7 Nd6 37. Ra7 a4 38. Nb4 g5 39. Rxa4 Nf5
40. Ra7 Kg7 41. Nd3 Rc2 42. Rd7 Kf6 43. g4 Ne7 44. h4 h6 45. hxg5+ hxg5 46. a4
Rc4 47. b4 e5 48. Nc5 Ng6 49. Ne4+ Ke6 50. Rb7 Nh4+ 51. Ke3 Ng2+ 52. Ke2 Rxe4+
53. Kf3 Kd5 54. Rb5+ Kd4 55. Kxg2 Rxg4+ 56. Kf3 Rg1 57. a5 g4+ 58. Ke2 Ra1 59.
Rb6 f5 60. a6 f4 61. Rd6+ Kc3 62. Rc6+ Kxb4 63. Kd3 Kb5 64. Re6 e4+ 65. Rxe4 g3
66. fxg3 fxg3 67. Rg4 Ra3+ 68. Ke2 g2 69. Rxg2 Ra2+ 70. Kf3 Rxg2 71. Kxg2 Kxa6
1/2-1/2

[Event "Moscow Aeroflot op-A"]
[Site "Moscow"]
[Date "2020.02.24"]
[Round "6"]
[White "Lobanov, Sergei"]
[Black "Aditya, Mittal"]
[Result "0-1"]
[WhiteElo "2507"]
[BlackElo "2427"]
[PlyCount "140"]
[EventDate "2020.02.19"]
[EventType "swiss"]
[EventRounds "9"]
[EventCountry "RUS"]
[SourceTitle "CBM 195"]
[Source "ChessBase"]
[SourceDate "2020.04.30"]
[SourceVersion "1"]
[SourceVersionDate "2020.04.30"]
[SourceQuality "1"]

1. e4 c5 2. Nf3 d6 3. d4 cxd4 4. Nxd4 Nf6 5. Nc3 a6 6. Bg5 e6 7. f4 Nbd7 8. Qe2
Qc7 9. O-O-O Be7 10. g4 b5 11. Bg2 b4 12. Nd5 exd5 13. Nf5 Nc5 14. e5 Bxf5 15.
exf6 Be4 16. fxe7 b3 17. Bxe4 bxa2 18. Kd2 Nxe4+ 19. Ke3 h6 20. Bh4 Qb6+ 21.
Kf3 Qxb2 22. Rxd5 a1=Q 23. Rxa1 Qxa1 24. Kxe4 Qa4+ 25. c4 g5 26. fxg5 hxg5 27.
Bxg5 Rc8 28. Rd4 Rh3 29. Kf5 Rc5+ 30. Kf4 Qa1 31. Bf6 Qc1+ 32. Ke4 Qh1+ 33. Kf4
Qc1+ 34. Ke4 Qc3 35. Rxd6 Rxc4+ 36. Bd4 Qb4 37. Rd8+ Kxe7 38. Rd5 Kf8 39. Rd8+
Ke7 40. Rd5 Rc8 41. Kf5+ Kf8 42. Qe4 Qa3 43. Be5 Kg8 44. g5 Qe7 45. Bg3 Qf8 46.
Kg4 Rh7 47. h4 Re8 48. Qa4 Re3 49. Qc4 Qe8 50. Rd4 Qa8 51. Rd5 Qe8 52. Rd4 Rg7
53. Bf4 Re1 54. Qd3 Qc8+ 55. Kg3 Re8 56. h5 Qc5 57. Kh4 Qa5 58. Re4 Rd8 59. Qe2
Qf5 60. Ra4 Rd3 61. Qg4 Qd5 62. Ra1 Qe4 63. Qc8+ Kh7 64. Rf1 a5 65. Rf2 a4 66.
Kg4 Rd5 67. Kh3 Qh1+ 68. Bh2 Rdxg5 69. Qc2+ f5 70. Rxf5 Rg3+ 0-1

[Event "Moscow Aeroflot op-A"]
[Site "Moscow"]
[Date "2020.02.24"]
[Round "6"]
[White "Makarian, Rudik"]
[Black "Sivuk, Vitaly"]
[Result "1/2-1/2"]
[WhiteElo "2414"]
[BlackElo "2557"]
[PlyCount "59"]
[EventDate "2020.02.19"]
[EventType "swiss"]
[EventRounds "9"]
[EventCountry "RUS"]
[SourceTitle "CBM 195"]
[Source "ChessBase"]
[SourceDate "2020.04.30"]
[SourceVersion "1"]
[SourceVersionDate "2020.04.30"]
[SourceQuality "1"]

1. Nf3 c5 2. c4 Nc6 3. Nc3 g6 4. g3 Bg7 5. Bg2 e5 6. O-O Nge7 7. a3 a5 8. d3 d6
9. Rb1 O-O 10. Ne1 Be6 11. Nc2 d5 12. cxd5 Nxd5 13. Ne3 Nde7 14. Nc4 Rb8 15.
Be3 Nd4 16. b4 axb4 17. axb4 b5 18. Nd2 c4 19. Nde4 Nef5 20. Nc5 Nxe3 21. fxe3
Bh6 22. exd4 Qxd4+ 23. Kh1 Qxc3 24. Nxe6 fxe6 25. Rxf8+ Rxf8 26. dxc4 bxc4 27.
b5 Qd4 28. b6 Qxd1+ 29. Rxd1 c3 30. Be4 1/2-1/2

[Event "Moscow Aeroflot op-A"]
[Site "Moscow"]
[Date "2020.02.24"]
[Round "6"]
[White "Nikitenko, Mihail"]
[Black "Stupak, Kirill"]
[Result "0-1"]
[WhiteElo "2440"]
[BlackElo "2518"]
[PlyCount "98"]
[EventDate "2020.02.19"]
[EventType "swiss"]
[EventRounds "9"]
[EventCountry "RUS"]
[SourceTitle "CBM 195"]
[Source "ChessBase"]
[SourceDate "2020.04.30"]
[SourceVersion "1"]
[SourceVersionDate "2020.04.30"]
[SourceQuality "1"]

1. c4 c5 2. g3 g6 3. Bg2 Bg7 4. Nc3 Nc6 5. Nf3 e6 6. d3 Nge7 7. Bg5 h6 8. Bd2
O-O 9. Qc1 Kh7 10. Rb1 d5 11. h4 b6 12. a3 Bb7 13. b4 cxb4 14. axb4 dxc4 15.
dxc4 Rc8 16. h5 g5 17. Ne4 Kh8 18. Bc3 Nf5 19. Qb2 Bxc3+ 20. Qxc3+ f6 21. g4
Nd6 22. Ned2 a5 23. bxa5 Nxa5 24. Qd3 Rg8 25. Rc1 b5 26. c5 Ndc4 27. Nxc4 Nxc4
28. O-O Bxf3 29. Bxf3 Qxd3 30. exd3 Nd2 31. Bb7 Rc7 32. Rfd1 Nb3 33. Rb1 Nd4
34. Rb4 Ne2+ 35. Kf1 Nc3 36. Re1 Rxb7 37. Rxe6 Kg7 38. c6 Rc7 39. Rb3 Kf7 40.
Rd6 Ke7 41. Rd7+ Rxd7 42. cxd7 Nd5 43. Rxb5 Nf4 44. Rb3 Ra8 45. Kg1 Rd8 46. Kh2
Rxd7 47. Rb8 Rxd3 48. Rh8 f5 49. Rh7+ Kf6 0-1

[Event "Moscow Aeroflot op-A"]
[Site "Moscow"]
[Date "2020.02.24"]
[Round "6"]
[White "Petrosyan, Manuel"]
[Black "Mamedov, Rauf"]
[Result "1/2-1/2"]
[WhiteElo "2590"]
[BlackElo "2643"]
[PlyCount "71"]
[EventDate "2020.02.19"]
[EventType "swiss"]
[EventRounds "9"]
[EventCountry "RUS"]
[SourceTitle "CBM 195"]
[Source "ChessBase"]
[SourceDate "2020.04.30"]
[SourceVersion "1"]
[SourceVersionDate "2020.04.30"]
[SourceQuality "1"]

1. d4 Nf6 2. c4 g6 3. Nc3 Bg7 4. e4 d6 5. Be2 O-O 6. Be3 Nc6 7. d5 Ne5 8. Nf3
Nfg4 9. Bd2 e6 10. Nxe5 Nxe5 11. O-O exd5 12. cxd5 f5 13. f4 Nf7 14. exf5 Bxf5
15. Be3 c5 16. dxc6 bxc6 17. Qd2 d5 18. Rfd1 Re8 19. Rac1 Qe7 20. Bd4 Bxd4+ 21.
Qxd4 Rab8 22. Bf3 Qb4 23. Qxb4 Rxb4 24. Rd2 Rxf4 25. Ne2 Rc4 26. Rxc4 dxc4 27.
Bxc6 Rc8 28. Bd5 Kg7 29. Bxf7 Kxf7 30. Kf2 Kf6 31. Ke3 Ke5 32. Nc3 Bd3 33. Rf2
Bf5 34. Rd2 Bd3 35. Rf2 Bf5 36. Rd2 1/2-1/2

[Event "Moscow Aeroflot op-A"]
[Site "Moscow"]
[Date "2020.02.24"]
[Round "6"]
[White "Praggnanandhaa, Rameshbabu"]
[Black "Grigoriants, Sergey"]
[Result "1/2-1/2"]
[WhiteElo "2602"]
[BlackElo "2539"]
[PlyCount "47"]
[EventDate "2020.02.19"]
[EventType "swiss"]
[EventRounds "9"]
[EventCountry "RUS"]
[SourceTitle "CBM 195"]
[Source "ChessBase"]
[SourceDate "2020.04.30"]
[SourceVersion "1"]
[SourceVersionDate "2020.04.30"]
[SourceQuality "1"]

1. Nf3 d5 2. g3 g6 3. Bg2 Bg7 4. d4 Nf6 5. O-O c6 6. b3 O-O 7. Bb2 a5 8. c4 Ne4
9. e3 Bg4 10. h3 Bxf3 11. Bxf3 e6 12. Nc3 Nxc3 13. Bxc3 Nd7 14. Rb1 Qc7 15. Qe2
Rfd8 16. Rfc1 Nf6 17. cxd5 exd5 18. b4 axb4 19. Rxb4 Ne8 20. Be1 Ra7 21. Qc2
Bf8 22. Rb3 Qd7 23. Bg4 f5 24. Be2 1/2-1/2

[Event "Moscow Aeroflot op-A"]
[Site "Moscow"]
[Date "2020.02.24"]
[Round "6"]
[White "Pranesh, M."]
[Black "Puranik, Abhimanyu Sameer"]
[Result "1/2-1/2"]
[WhiteElo "2425"]
[BlackElo "2597"]
[PlyCount "78"]
[EventDate "2020.02.19"]
[EventType "swiss"]
[EventRounds "9"]
[EventCountry "RUS"]
[SourceTitle "CBM 195"]
[Source "ChessBase"]
[SourceDate "2020.04.30"]
[SourceVersion "1"]
[SourceVersionDate "2020.04.30"]
[SourceQuality "1"]

1. e4 e5 2. Nf3 Nc6 3. Bb5 a6 4. Ba4 Nf6 5. O-O Bc5 6. c3 b5 7. Bc2 d5 8. d4
dxe4 9. dxc5 Qxd1 10. Rxd1 exf3 11. gxf3 O-O 12. Bg5 Nd8 13. a4 Rb8 14. axb5
axb5 15. b4 Ne6 16. Bxf6 gxf6 17. h4 Bb7 18. Nd2 Rfd8 19. Be4 Bxe4 20. Nxe4 Kg7
21. Ng3 Kg6 22. h5+ Kh6 23. Kh2 Kg5 24. c6 Rxd1 25. Rxd1 f5 26. Rd5 Kf6 27. h6
Rb6 28. Nh5+ Kg6 29. Ng7 Rxc6 30. Rxe5 Rxc3 31. Nxe6 fxe6 32. Kg3 c6 33. Rxe6+
Kg5 34. Rd6 Rc4 35. Re6 f4+ 36. Kg2 Kf5 37. Re7 Kg6 38. Re6+ Kf7 39. Rd6 Rxb4
1/2-1/2

[Event "Moscow Aeroflot op-A"]
[Site "Moscow"]
[Date "2020.02.24"]
[Round "6"]
[White "Radovanovic, Mihajlo"]
[Black "Soumya, Swaminathan"]
[Result "1/2-1/2"]
[WhiteElo "2458"]
[BlackElo "2369"]
[PlyCount "103"]
[EventDate "2020.02.19"]
[EventType "swiss"]
[EventRounds "9"]
[EventCountry "RUS"]
[SourceTitle "CBM 195"]
[Source "ChessBase"]
[SourceDate "2020.04.30"]
[SourceVersion "1"]
[SourceVersionDate "2020.04.30"]
[SourceQuality "1"]

1. Nf3 c5 2. c4 Nc6 3. g3 g6 4. Bg2 Bg7 5. O-O e6 6. Nc3 Nge7 7. d3 d5 8. Bg5
h6 9. Bd2 O-O 10. a3 b6 11. Rb1 a5 12. Na4 Ba6 13. Qc2 Rc8 14. Rfc1 dxc4 15.
dxc4 Nf5 16. e3 Nd6 17. b3 Qc7 18. Bc3 Bb7 19. Bxg7 Kxg7 20. Rd1 Rcd8 21. Qb2+
f6 22. h4 Nf7 23. Nc3 Nce5 24. Qe2 h5 25. Nxe5 Nxe5 26. Nb5 Qe7 27. e4 Bc6 28.
f4 Ng4 29. Bf3 Rxd1+ 30. Rxd1 Rd8 31. Bxg4 hxg4 32. Nc3 Rd4 33. Qxg4 Qd7 34.
Qe2 Bxe4 35. Qxe4 Rxd1+ 36. Nxd1 Qxd1+ 37. Kh2 Qxb3 38. Qxe6 f5 39. h5 Qc2+ 40.
Kh3 gxh5 41. Qe7+ Kg6 42. Qd6+ Kf7 43. Qc7+ Ke8 44. Qb8+ Kf7 45. Qa7+ Ke8 46.
Qxb6 Qxc4 47. Qc6+ Kf7 48. Qd7+ Kf6 49. Qd8+ Kf7 50. Qd7+ Kf6 51. Qd8+ Kf7 52.
Qd7+ 1/2-1/2

[Event "Moscow Aeroflot op-A"]
[Site "Moscow"]
[Date "2020.02.24"]
[Round "6"]
[White "Sanal, Vahap"]
[Black "Kovalev, Vladislav"]
[Result "1/2-1/2"]
[WhiteElo "2569"]
[BlackElo "2650"]
[PlyCount "139"]
[EventDate "2020.02.19"]
[EventType "swiss"]
[EventRounds "9"]
[EventCountry "RUS"]
[SourceTitle "CBM 195"]
[Source "ChessBase"]
[SourceDate "2020.04.30"]
[SourceVersion "1"]
[SourceVersionDate "2020.04.30"]
[SourceQuality "1"]

1. e4 e5 2. Nf3 Nc6 3. Bb5 a6 4. Ba4 Nf6 5. d3 d6 6. c3 g6 7. Nbd2 Bg7 8. O-O
O-O 9. Re1 Re8 10. Nf1 b5 11. Bc2 Bb7 12. Ng3 Nb8 13. d4 Nbd7 14. Bg5 h6 15.
Bd2 Qe7 16. h3 Nh7 17. Qc1 h5 18. a4 c5 19. d5 Nb6 20. Qd1 Bc8 21. axb5 axb5
22. Qe2 Bd7 23. Bd3 c4 24. Bc2 Rec8 25. Rxa8 Rxa8 26. Be3 Qd8 27. Qf1 Na4 28.
Bxa4 Rxa4 29. Nd2 Ra2 30. Ra1 Qa8 31. Rxa2 Qxa2 32. Qc1 Qa8 33. f3 f5 34. Ne2
f4 35. Bf2 g5 36. Kf1 g4 37. hxg4 hxg4 38. fxg4 Bxg4 39. Ng1 Nf6 40. Ngf3 Bh5
41. Nh4 Bf8 42. Qe1 Qa4 43. g3 fxg3 44. Be3 Ng4 45. Nf5 Qc2 46. Qxg3 Qxb2 47.
Kg1 Kf7 48. Qh3 Nf6 49. Nh6+ Bxh6 50. Qe6+ Kg6 51. Qf5+ Kf7 52. Qe6+ Kg6 53.
Qf5+ Kg7 54. Bxh6+ Kxh6 55. Qxf6+ Bg6 56. Nf3 Qc1+ 57. Kf2 Qc2+ 58. Kg3 Qxe4
59. Qxd6 Qf4+ 60. Kf2 b4 61. Qxe5 Qxe5 62. Nxe5 bxc3 63. Ke3 c2 64. Kd2 c3+ 65.
Kc1 Bf5 66. d6 Kg7 67. d7 Bxd7 68. Nxd7 Kh8 69. Kxc2 Kh7 70. Kxc3 1/2-1/2

[Event "Moscow Aeroflot op-A"]
[Site "Moscow"]
[Date "2020.02.24"]
[Round "6"]
[White "Sethuraman, SP."]
[Black "Shimanov, Aleksandr"]
[Result "1/2-1/2"]
[WhiteElo "2641"]
[BlackElo "2587"]
[PlyCount "153"]
[EventDate "2020.02.19"]
[EventType "swiss"]
[EventRounds "9"]
[EventCountry "RUS"]
[SourceTitle "CBM 195"]
[Source "ChessBase"]
[SourceDate "2020.04.30"]
[SourceVersion "1"]
[SourceVersionDate "2020.04.30"]
[SourceQuality "1"]

1. e4 d5 2. exd5 Qxd5 3. Nc3 Qa5 4. d4 Nf6 5. Nf3 c6 6. Bc4 Bf5 7. Bd2 Nbd7 8.
Qe2 Qc7 9. O-O-O e6 10. Nh4 Bg6 11. Nxg6 hxg6 12. h3 O-O-O 13. Bb3 Nb6 14. Bg5
Be7 15. Qf3 Nfd5 16. Ne4 Bxg5+ 17. Nxg5 Qe7 18. Qg3 Nf6 19. h4 Nh7 20. Nf3 Nf6
21. Rhe1 Nbd5 22. Ng5 Rd7 23. Kb1 Qd8 24. c4 Nb6 25. Nf3 Rf8 26. Qf4 Qc7 27.
Ne5 c5 28. g3 Rxd4 29. Rxd4 cxd4 30. Qxd4 Rd8 31. Qe3 Kb8 32. c5 Nbd5 33. Qd4
Ne7 34. Qf4 Rf8 35. c6 bxc6 36. Qb4+ Ka8 37. Nxc6 Re8 38. Ne5 Rb8 39. Qc3 Qxc3
40. bxc3 Rf8 41. Kc2 Kb7 42. Ba4 Nfd5 43. Bb5 Kc7 44. a4 Nb6 45. c4 a6 46. a5
axb5 47. axb6+ Kb7 48. c5 Nc6 49. Nd3 Ra8 50. Re4 Ra2+ 51. Kb3 Rd2 52. Kc3 Ra2
53. g4 Ra3+ 54. Kc2 Ra8 55. g5 Rd8 56. Kc3 Rd5 57. Rf4 Rd7 58. Rf3 e5 59. Re3
Rd5 60. Re4 f5 61. gxf6 gxf6 62. Rg4 Ne7 63. Rb4 Kc6 64. Re4 Kb7 65. Rb4 Kc6
66. f4 Rd7 67. Re4 Nd5+ 68. Kb3 Nxb6 69. Nxe5+ fxe5 70. cxb6 exf4 71. Rxf4 Rd6
72. Rg4 Kxb6 73. Rg5 Ka5 74. h5 gxh5 75. Rxh5 Rd3+ 76. Kc2 Rf3 77. Rh4 1/2-1/2

[Event "Moscow Aeroflot op-A"]
[Site "Moscow"]
[Date "2020.02.24"]
[Round "6"]
[White "Shtembuliak, Evgeny"]
[Black "Sandipan, Chanda"]
[Result "1-0"]
[WhiteElo "2628"]
[BlackElo "2552"]
[PlyCount "127"]
[EventDate "2020.02.19"]
[EventType "swiss"]
[EventRounds "9"]
[EventCountry "RUS"]
[SourceTitle "CBM 195"]
[Source "ChessBase"]
[SourceDate "2020.04.30"]
[SourceVersion "1"]
[SourceVersionDate "2020.04.30"]
[SourceQuality "1"]

1. d4 f5 2. g3 Nf6 3. Bg2 e6 4. c4 g6 5. Nf3 Bg7 6. O-O O-O 7. Nc3 d5 8. Bf4 c6
9. Qc1 Nbd7 10. Bd6 Re8 11. Ne5 Nxe5 12. Bxe5 Ne4 13. Nxe4 Bxe5 14. dxe5 fxe4
15. f3 exf3 16. Rxf3 Rf8 17. Rxf8+ Qxf8 18. Qe3 Bd7 19. c5 Qe7 20. h4 Kh8 21.
Rf1 Rf8 22. b4 Rxf1+ 23. Bxf1 Qf8 24. Qg5 Bc8 25. Bh3 Kg7 26. h5 Bd7 27. Kg2
Bc8 28. a3 Bd7 29. Bg4 Bc8 30. e3 Bd7 31. Bh3 Qf7 32. h6+ Kf8 33. Qd8+ Qe8 34.
Qf6+ Qf7 35. Qd8+ Qe8 36. Qc7 Qc8 37. Qd6+ Kf7 38. e4 dxe4 39. Kf2 Be8 40. Ke3
Qd7 41. Kxe4 Qe7 42. Bg4 Qd7 43. Be2 Qe7 44. Qd2 Kg8 45. Qf4 Qf8 46. Qxf8+ Kxf8
47. Kf4 Ke7 48. Kg5 Kf7 49. a4 a6 50. Bc4 Ke7 51. Bd3 Bf7 52. Bc2 Be8 53. Be4
Kf7 54. b5 cxb5 55. axb5 axb5 56. Bxb7 Ke7 57. Be4 b4 58. Kf4 b3 59. Ke3 b2 60.
Kd2 Bc6 61. Bb1 Bf3 62. Kc3 Bg4 63. Kxb2 Bf5 64. Bxf5 1-0

[Event "Moscow Aeroflot op-A"]
[Site "Moscow"]
[Date "2020.02.24"]
[Round "6"]
[White "Sjugirov, Sanan"]
[Black "Zvjaginsev, Vadim"]
[Result "1-0"]
[WhiteElo "2674"]
[BlackElo "2623"]
[PlyCount "109"]
[EventDate "2020.02.19"]
[EventType "swiss"]
[EventRounds "9"]
[EventCountry "RUS"]
[SourceTitle "CBM 195"]
[Source "ChessBase"]
[SourceDate "2020.04.30"]
[SourceVersion "1"]
[SourceVersionDate "2020.04.30"]
[SourceQuality "1"]

1. c4 e6 2. g3 d5 3. Bg2 a6 4. Nf3 dxc4 5. O-O Nf6 6. Qc2 Nbd7 7. a4 Nc5 8. Na3
b5 9. axb5 axb5 10. Nd4 Rxa3 11. Bc6+ Ke7 12. Rxa3 Qxd4 13. Bxb5 h5 14. Rc3 Bb7
15. Rxc4 Qd5 16. f3 Ncd7 17. Bc6 Bxc6 18. e4 Qb5 19. Rxc6 h4 20. g4 Ne8 21. d4
f6 22. Be3 Kf7 23. h3 Bb4 24. Ra1 Ba5 25. Kg2 Nd6 26. Bf2 Bb6 27. Ra3 Rb8 28.
Rcc3 Rb7 29. Rcb3 Qc4 30. Rc3 Qb5 31. Rcb3 Qc4 32. Qxc4 Nxc4 33. Ra4 Nd6 34.
Bxh4 e5 35. Bf2 exd4 36. Bxd4 c5 37. Bf2 g5 38. Ra6 Nc4 39. h4 Rc7 40. h5 Rc6
41. Bg3 Nce5 42. Bxe5 fxe5 43. Rd3 Ke7 44. Rd5 c4 45. Kf1 Re6 46. Rb5 Kd8 47.
Ra8+ Kc7 48. Rg8 Kc6 49. Rd5 Re7 50. Rg6+ Kc7 51. h6 Bd4 52. Ke2 Bxb2 53. Rg7
Rxg7 54. hxg7 Nf6 55. Ra5 1-0

[Event "Moscow Aeroflot op-A"]
[Site "Moscow"]
[Date "2020.02.24"]
[Round "6"]
[White "Smirin, Ilia"]
[Black "Sarana, Alexey"]
[Result "1/2-1/2"]
[WhiteElo "2615"]
[BlackElo "2656"]
[PlyCount "25"]
[EventDate "2020.02.19"]
[EventType "swiss"]
[EventRounds "9"]
[EventCountry "RUS"]
[SourceTitle "CBM 195"]
[Source "ChessBase"]
[SourceDate "2020.04.30"]
[SourceVersion "1"]
[SourceVersionDate "2020.04.30"]
[SourceQuality "1"]

1. e4 c5 2. Nc3 d6 3. Nge2 Nf6 4. h3 a6 5. g4 b5 6. Bg2 Bb7 7. O-O Nc6 8. d4
cxd4 9. Nxd4 Nxd4 10. Qxd4 e5 11. Qd3 Be7 12. a3 O-O 13. Be3 1/2-1/2

[Event "Moscow Aeroflot op-A"]
[Site "Moscow"]
[Date "2020.02.24"]
[Round "6"]
[White "Sreeshwan, Maralakshikari"]
[Black "Sengupta, Deep"]
[Result "1/2-1/2"]
[WhiteElo "2440"]
[BlackElo "2534"]
[PlyCount "84"]
[EventDate "2020.02.19"]
[EventType "swiss"]
[EventRounds "9"]
[EventCountry "RUS"]
[SourceTitle "CBM 195"]
[Source "ChessBase"]
[SourceDate "2020.04.30"]
[SourceVersion "1"]
[SourceVersionDate "2020.04.30"]
[SourceQuality "1"]

1. d4 Nf6 2. c4 e6 3. Nc3 Bb4 4. e3 b6 5. Bd3 Bb7 6. Nf3 Ne4 7. O-O f5 8. Qc2
Nxc3 9. bxc3 Bxf3 10. cxb4 Qg5 11. g3 Qg4 12. Re1 Nc6 13. a3 O-O 14. Be2 Ne7
15. Bxf3 Qxf3 16. Qe2 Qb7 17. a4 a6 18. Bd2 b5 19. cxb5 axb5 20. Qxb5 Qxb5 21.
axb5 Rxa1 22. Rxa1 Rb8 23. Ra7 Nd5 24. f3 Rxb5 25. Kf2 Kf7 26. e4 fxe4 27. fxe4
Nxb4 28. Rxc7 Ke7 29. Bxb4+ Rxb4 30. Ke3 g5 31. Rc5 h6 32. h4 Rb3+ 33. Kf2 g4
34. Rh5 Rf3+ 35. Kg2 Rf6 36. Ra5 Rf8 37. Rh5 Rh8 38. Rb5 Kd6 39. Rb6+ Kc7 40.
Rb5 Kc6 41. Rc5+ Kd6 42. Rh5 Ke7 1/2-1/2

[Event "Moscow Aeroflot op-A"]
[Site "Moscow"]
[Date "2020.02.24"]
[Round "6"]
[White "Sunilduth Lyna, Narayanan"]
[Black "Frolyanov, Dmitry"]
[Result "1/2-1/2"]
[WhiteElo "2637"]
[BlackElo "2556"]
[PlyCount "128"]
[EventDate "2020.02.19"]
[EventType "swiss"]
[EventRounds "9"]
[EventCountry "RUS"]
[SourceTitle "CBM 195"]
[Source "ChessBase"]
[SourceDate "2020.04.30"]
[SourceVersion "1"]
[SourceVersionDate "2020.04.30"]
[SourceQuality "1"]

1. d4 d5 2. c4 e6 3. Nf3 Nf6 4. Nc3 dxc4 5. e4 Bb4 6. Bxc4 Nxe4 7. O-O Nxc3 8.
bxc3 Be7 9. Qe2 O-O 10. Rd1 Nd7 11. Rd3 c5 12. Ne5 cxd4 13. Bf4 b5 14. Bxb5
Nxe5 15. Bxe5 Bb7 16. Rxd4 Bd5 17. c4 f6 18. Bg3 Qb6 19. Rxd5 exd5 20. Qxe7 a6
21. Bd7 Qd4 22. Rb1 dxc4 23. h4 c3 24. Rb7 Kh8 25. Bf5 Rg8 26. Rd7 Qc4 27. Rc7
Qxa2 28. Qe3 Qd5 29. Bg4 Qd2 30. Qc5 c2 31. Qxc2 Qxc2 32. Rxc2 a5 33. Rc3 a4
34. Bd6 Rgd8 35. Ba3 Rd4 36. Bf3 Rad8 37. Be7 Rb8 38. h5 h6 39. Rc7 Rd2 40. Ra7
Ra2 41. g4 Re8 42. Bc6 Rc8 43. Bd7 Rb8 44. Kg2 Rd2 45. Kg3 Re2 46. Bf5 Ra2 47.
f3 Ra1 48. Kf4 Re8 49. Bg6 Rb8 50. Be4 a3 51. Kf5 a2 52. Kg6 Rd1 53. Rxa2 Rd7
54. Kf7 Rc7 55. Ra4 Rd8 56. Bf5 Rg8 57. Rd4 Ra8 58. f4 Rb8 59. Rd6 Ra7 60. Rc6
Rg8 61. Re6 Rb8 62. g5 fxg5 63. fxg5 Rbb7 64. gxh6 Rxe7+ 1/2-1/2